00677nam a2200181Ia 4500001000900000003000500009005001700014008004100031010001100072040000900083082001600092111007500108245016400183260001900347300001100366650007500377650004300452dia_1079CHAP20230119121800.0220117s1971 xx 000 0 und d a171627 cCHAP a338.972 C64 aCongreso Nacional de Desarrollo Regional y Comercio Exterior. México aPrimer Congreso Nacional de Desarrollo Regional y Comercio Exterior. Memoria /c por el Congreso Nacional de Desarrollo Regional y Comercio Exterior. México aMéxicoc1971 a385 p. a1.Desarrollo económicoxMéxicoxDiscurso, ensayos, conferencias /  aComercio exteriorxMéxicoxCongresos